[Event "DEM U18 2020"]
[Site "Willingen GER"]
[Date "2020.10.23"]
[Round "6"]
[White "Wachinger, Nikolas"]
[Black "Stork, Oliver"]
[Result "0-1"]
[Termination "normal"]
[Board "1"]
[BlackTitle "FM"]
[WhiteElo "2334"]
[BlackElo "2371"]
[WhiteClock "00:02:02"]
[BlackClock "00:00:58"]
[PlyCount "166"]
[WhiteFideId "12962791"]
[BlackFideId "12955728"]
[EventCountry "GER"]
[EventRounds "7"]
[EventType "swiss"]
[EventDate "2020.10.19"]

1. e4 {[%clk 1:30:57]} e5 {[%clk 1:30:55]} 2. Nf3 {[%clk 1:31:20]} Nc6 {[%clk
1:31:20]} 3. Bb5 {[%clk 1:31:46]} a6 {[%clk 1:31:43]} 4. Ba4 {[%clk 1:31:39]}
b5 {[%clk 1:30:26]} 5. Bb3 {[%clk 1:32:02]} Na5 {[%clk 1:30:50]} 6. O-O {[%clk
1:24:54]} d6 {[%clk 1:30:30]} 7. d4 {[%clk 1:18:54]} exd4 {[%clk 1:30:46]} 8.
Nxd4 {[%clk 1:19:14]} Bb7 {[%clk 1:25:58]} 9. c4 {[%clk 1:07:26]} Nxb3 {[%clk
1:13:19]} 10. Qxb3 {[%clk 0:50:11]} c5 {[%clk 1:09:59]} 11. Nf5 {[%clk
0:45:04]} g6 {[%clk 0:53:16]} 12. Ne3 {[%clk 0:45:13]} Bg7 {[%clk 0:37:47]} 13.
cxb5 {[%clk 0:42:14]} Ne7 {[%clk 0:37:41]} 14. Nc3 {[%clk 0:37:35]} O-O {[%clk
0:37:46]} 15. Rd1 {[%clk 0:37:51]} axb5 {[%clk 0:13:22]} 16. Nxb5 {[%clk
0:37:31]} Ra6 {[%clk 0:13:50]} 17. Nc4 {[%clk 0:33:27]} d5 {[%clk 0:12:26]} 18.
exd5 {[%clk 0:32:17]} Nxd5 {[%clk 0:11:23]} 19. Ncd6 {[%clk 0:26:59]} c4 {[%clk
0:09:43]} 20. Nxc4 {[%clk 0:22:39]} Qa8 {[%clk 0:03:34]} 21. Be3 {[%clk
0:09:35]} Rb8 {[%clk 0:01:59]} 22. a4 {[%clk 0:05:30]} Bc6 {[%clk 0:02:04]} 23.
Ncd6 {[%clk 0:05:23]} Bf8 {[%clk 0:00:52]} 24. Qc4 {[%clk 0:05:00]} Bxd6 {[%clk
0:00:46]} 25. Nxd6 {[%clk 0:05:27]} Rxb2 {[%clk 0:00:41]} 26. Bh6 {[%clk
0:04:53]} Rxa4 {[%clk 0:00:36]} 27. Rxa4 {[%clk 0:03:48]} Qxa4 {[%clk 0:01:05]}
28. Qxa4 {[%clk 0:02:57]} Bxa4 {[%clk 0:01:31]} 29. Rc1 {[%clk 0:02:49]} Rb8
{[%clk 0:00:36]} 30. g4 {[%clk 0:03:17]} Nf6 {[%clk 0:00:41]} 31. f3 {[%clk
0:03:12]} Bd7 {[%clk 0:00:47]} 32. Rc7 {[%clk 0:03:10]} Be6 {[%clk 0:01:02]}
33. Kg2 {[%clk 0:03:13]} Ne8 {[%clk 0:00:38]} 34. Nxe8 {[%clk 0:03:22]} Rxe8
{[%clk 0:01:05]} 35. Kg3 {[%clk 0:03:37]} Rc8 {[%clk 0:01:30]} 36. Ra7 {[%clk
0:04:03]} Rc3 {[%clk 0:01:34]} 37. Kh4 {[%clk 0:03:43]} Rc5 {[%clk 0:00:35]}
38. Re7 {[%clk 0:04:00]} Rc8 {[%clk 0:00:47]} 39. Kg5 {[%clk 0:04:18]} Bb3
{[%clk 0:00:50]} 40. f4 {[%clk 0:04:20]} Rc5+ {[%clk 0:00:32]} 41. f5 {[%clk
0:26:23]} Rc8 {[%clk 0:30:30]} 42. f6 {[%clk 0:26:21]} Be6 {[%clk 0:30:09]} 43.
h4 {[%clk 0:25:23]} Bb3 {[%clk 0:16:12]} 44. h5 {[%clk 0:25:26]} Bc2 {[%clk
0:16:35]} 45. Kf4 {[%clk 0:25:13]} Bb1 {[%clk 0:04:42]} 46. Ke5 {[%clk
0:24:56]} Bc2 {[%clk 0:04:38]} 47. Kd6 {[%clk 0:24:56]} Ra8 {[%clk 0:04:36]}
48. Be3 {[%clk 0:24:34]} Bd3 {[%clk 0:03:33]} 49. Kc7 {[%clk 0:24:24]} Bc2
{[%clk 0:01:36]} 50. Kb7 {[%clk 0:24:30]} Rd8 {[%clk 0:02:00]} 51. Bb6 {[%clk
0:24:45]} Rf8 {[%clk 0:02:23]} 52. Bc5 {[%clk 0:24:48]} Rd8 {[%clk 0:02:16]}
53. Re3 {[%clk 0:23:57]} Bb1 {[%clk 0:02:01]} 54. Be7 {[%clk 0:23:59]} Re8
{[%clk 0:01:02]} 55. Ra3 {[%clk 0:24:11]} Be4+ {[%clk 0:01:24]} 56. Kc7 {[%clk
0:24:33]} Ra8 {[%clk 0:00:49]} 57. Re3 {[%clk 0:25:00]} Bd5 {[%clk 0:00:34]}
58. hxg6 {[%clk 0:24:46]} fxg6 {[%clk 0:00:54]} 59. Bd8 {[%clk 0:22:51]} Bf7
{[%clk 0:00:37]} 60. Rd3 {[%clk 0:21:21]} Ra4 {[%clk 0:00:43]} 61. g5 {[%clk
0:21:14]} Rc4+ {[%clk 0:00:52]} 62. Kb7 {[%clk 0:21:15]} Rb4+ {[%clk 0:00:54]}
63. Kc6 {[%clk 0:21:31]} Rc4+ {[%clk 0:01:12]} 64. Kb5 {[%clk 0:21:10]} Rg4
{[%clk 0:01:20]} 65. Kb6 {[%clk 0:20:01]} Rxg5 {[%clk 0:00:48]} 66. Bc7 {[%clk
0:20:00]} Be8 {[%clk 0:00:32]} 67. Re3 {[%clk 0:19:57]} Bf7 {[%clk 0:00:38]}
68. Rd3 {[%clk 0:19:48]} Be6 {[%clk 0:00:33]} 69. Kc6 {[%clk 0:12:31]} Rf5
{[%clk 0:00:52]} 70. Rd8+ {[%clk 0:02:18]} Kf7 {[%clk 0:01:22]} 71. Rh8 {[%clk
0:02:24]} Rh5 {[%clk 0:01:21]} 72. Bd8 {[%clk 0:01:45]} g5 {[%clk 0:01:28]} 73.
Be7 {[%clk 0:01:29]} g4 {[%clk 0:01:37]} 74. Kd6 {[%clk 0:01:58]} Bb3 {[%clk
0:01:04]} 75. Rb8 {[%clk 0:02:05]} Rd5+ {[%clk 0:00:59]} 76. Kc6 {[%clk
0:02:12]} Rd3 {[%clk 0:01:20]} 77. Rb4 {[%clk 0:01:56]} h5 {[%clk 0:01:39]} 78.
Kb6 {[%clk 0:01:02]} Be6 {[%clk 0:01:36]} 79. Rb5 {[%clk 0:01:21]} Rb3 {[%clk
0:00:40]} 80. Rxb3 {[%clk 0:01:09]} Bxb3 {[%clk 0:01:07]} 81. Kc5 {[%clk
0:01:19]} h4 {[%clk 0:00:38]} 82. Kd4 {[%clk 0:01:41]} g3 {[%clk 0:00:43]} 83.
Ke3 {[%clk 0:02:02]} h3 {[%clk 0:00:58]} 0-1

[Event "DEM U18 2020"]
[Site "Willingen GER"]
[Date "2020.10.23"]
[Round "6"]
[White "Roseneck, Jonas"]
[Black "Suvorov, Alexander"]
[Result "0-1"]
[Termination "normal"]
[Board "2"]
[WhiteTitle "FM"]
[BlackTitle "FM"]
[WhiteElo "2417"]
[BlackElo "2313"]
[WhiteClock "00:01:33"]
[BlackClock "00:04:29"]
[PlyCount "107"]
[WhiteFideId "12939870"]
[BlackFideId "12977063"]
[EventCountry "GER"]
[EventRounds "7"]
[EventType "swiss"]
[EventDate "2020.10.19"]

1. e4 {[%clk 1:30:59]} c5 {[%clk 1:30:43]} 2. Nf3 {[%clk 1:31:25]} Nc6 {[%clk
1:31:07]} 3. d4 {[%clk 1:31:52]} cxd4 {[%clk 1:31:26]} 4. Nxd4 {[%clk 1:32:17]}
Nf6 {[%clk 1:31:42]} 5. Nc3 {[%clk 1:32:43]} e5 {[%clk 1:32:01]} 6. Ndb5 {[%clk
1:32:46]} d6 {[%clk 1:32:22]} 7. Bg5 {[%clk 1:32:16]} a6 {[%clk 1:32:41]} 8.
Na3 {[%clk 1:32:43]} b5 {[%clk 1:33:03]} 9. Nd5 {[%clk 1:33:09]} Be7 {[%clk
1:33:24]} 10. Bxf6 {[%clk 1:33:35]} Bxf6 {[%clk 1:33:47]} 11. c3 {[%clk
1:33:39]} Ne7 {[%clk 1:33:33]} 12. Nxf6+ {[%clk 1:33:46]} gxf6 {[%clk 1:33:54]}
13. Bd3 {[%clk 1:33:04]} d5 {[%clk 1:33:52]} 14. Qe2 {[%clk 1:31:03]} dxe4
{[%clk 1:33:55]} 15. Bxe4 {[%clk 1:26:20]} Rb8 {[%clk 1:34:10]} 16. Nc2 {[%clk
1:04:51]} f5 {[%clk 1:28:57]} 17. Bd3 {[%clk 0:42:56]} Qc7 {[%clk 1:25:31]} 18.
f3 {[%clk 0:34:28]} O-O {[%clk 1:18:29]} 19. Ne3 {[%clk 0:29:17]} Qc5 {[%clk
1:04:18]} 20. O-O-O {[%clk 0:24:00]} Kh8 {[%clk 0:56:24]} 21. g4 {[%clk
0:19:13]} f4 {[%clk 0:53:45]} 22. Nc2 {[%clk 0:15:49]} f5 {[%clk 0:43:28]} 23.
h3 {[%clk 0:11:21]} Rb6 {[%clk 0:37:02]} 24. Rhe1 {[%clk 0:09:13]} e4 {[%clk
0:21:39]} 25. fxe4 {[%clk 0:09:40]} fxg4 {[%clk 0:21:57]} 26. hxg4 {[%clk
0:09:45]} Rg6 {[%clk 0:22:06]} 27. Rg1 {[%clk 0:06:39]} Rfg8 {[%clk 0:21:25]}
28. Rdf1 {[%clk 0:06:10]} Rxg4 {[%clk 0:20:11]} 29. Rxg4 {[%clk 0:05:44]} Bxg4
{[%clk 0:18:55]} 30. Qh2 {[%clk 0:05:47]} Ng6 {[%clk 0:18:54]} 31. e5 {[%clk
0:03:16]} Qxe5 {[%clk 0:18:29]} 32. Bxg6 {[%clk 0:02:49]} Rxg6 {[%clk 0:18:53]}
33. Re1 {[%clk 0:01:37]} Qf6 {[%clk 0:17:41]} 34. Nd4 {[%clk 0:01:01]} Rg8
{[%clk 0:17:15]} 35. Rf1 {[%clk 0:00:53]} f3 {[%clk 0:16:59]} 36. Nxf3 {[%clk
0:01:13]} Bxf3 {[%clk 0:14:23]} 37. Rxf3 {[%clk 0:01:38]} Qg5+ {[%clk 0:13:50]}
38. Qf4 {[%clk 0:00:57]} h5 {[%clk 0:11:02]} 39. a4 {[%clk 0:00:50]} bxa4
{[%clk 0:04:45]} 40. Qxg5 {[%clk 0:00:36]} Rxg5 {[%clk 0:05:13]} 41. c4 {[%clk
0:20:28]} Kg7 {[%clk 0:26:18]} 42. Kd2 {[%clk 0:18:51]} h4 {[%clk 0:23:36]} 43.
Ke3 {[%clk 0:07:43]} Kg6 {[%clk 0:20:47]} 44. Kd4 {[%clk 0:06:50]} Rh5 {[%clk
0:13:14]} 45. Rh3 {[%clk 0:02:54]} Kf5 {[%clk 0:10:58]} 46. c5 {[%clk 0:03:22]}
Ke6 {[%clk 0:10:00]} 47. Kc4 {[%clk 0:00:34]} Kd7 {[%clk 0:10:05]} 48. Kb4
{[%clk 0:00:51]} Kc6 {[%clk 0:10:17]} 49. Kxa4 {[%clk 0:00:47]} Kxc5 {[%clk
0:10:37]} 50. Ka5 {[%clk 0:01:09]} Rh6 {[%clk 0:10:55]} 51. b3 {[%clk 0:00:33]}
Kd5 {[%clk 0:06:38]} 52. b4 {[%clk 0:00:56]} Ke5 {[%clk 0:05:31]} 53. Rh1
{[%clk 0:01:09]} h3 {[%clk 0:04:29]} 54. Rh2 {[%clk 0:01:33]} 0-1

[Event "DEM U18 2020"]
[Site "Willingen GER"]
[Date "2020.10.23"]
[Round "6"]
[White "Färber, David"]
[Black "Richter, Nils"]
[Result "1/2-1/2"]
[Termination "normal"]
[Board "3"]
[WhiteElo "2321"]
[BlackElo "2290"]
[WhiteClock "00:12:14"]
[BlackClock "00:37:16"]
[PlyCount "59"]
[WhiteFideId "12971294"]
[BlackFideId "12990809"]
[EventCountry "GER"]
[EventRounds "7"]
[EventType "swiss"]
[EventDate "2020.10.19"]

1. e4 {[%clk 1:30:55]} c5 {[%clk 1:30:55]} 2. Nf3 {[%clk 1:31:19]} e6 {[%clk
1:31:16]} 3. d4 {[%clk 1:31:45]} cxd4 {[%clk 1:31:38]} 4. Nxd4 {[%clk 1:32:13]}
Nc6 {[%clk 1:31:54]} 5. Nc3 {[%clk 1:32:38]} Qc7 {[%clk 1:32:15]} 6. g3 {[%clk
1:33:02]} a6 {[%clk 1:32:20]} 7. Bg2 {[%clk 1:33:21]} Nf6 {[%clk 1:32:17]} 8.
O-O {[%clk 1:33:45]} Nxd4 {[%clk 1:32:41]} 9. Qxd4 {[%clk 1:34:10]} Bc5 {[%clk
1:32:58]} 10. Bf4 {[%clk 1:34:34]} d6 {[%clk 1:33:14]} 11. Qd2 {[%clk 1:34:57]}
h6 {[%clk 1:33:05]} 12. Rad1 {[%clk 1:35:21]} e5 {[%clk 1:33:24]} 13. Be3
{[%clk 1:35:45]} Bxe3 {[%clk 1:33:42]} 14. fxe3 {[%clk 1:36:09]} Be6 {[%clk
1:33:59]} 15. Qxd6 {[%clk 1:36:32]} Rc8 {[%clk 1:34:21]} 16. Rf2 {[%clk
1:36:48]} Ng4 {[%clk 1:31:33]} 17. Qxc7 {[%clk 1:28:18]} Rxc7 {[%clk 1:32:01]}
18. Rfd2 {[%clk 1:28:38]} Ke7 {[%clk 1:30:14]} 19. Nd5+ {[%clk 1:25:09]} Bxd5
{[%clk 1:30:27]} 20. exd5 {[%clk 1:25:34]} Kd6 {[%clk 1:30:46]} 21. Re2 {[%clk
1:21:06]} Rhc8 {[%clk 1:28:30]} 22. c3 {[%clk 1:07:14]} b5 {[%clk 1:19:14]} 23.
Bh3 {[%clk 0:51:12]} h5 {[%clk 1:16:54]} 24. e4 {[%clk 0:45:33]} a5 {[%clk
1:09:45]} 25. a3 {[%clk 0:31:07]} b4 {[%clk 0:44:07]} 26. Bxg4 {[%clk 0:25:31]}
hxg4 {[%clk 0:44:28]} 27. cxb4 {[%clk 0:25:56]} axb4 {[%clk 0:44:34]} 28. Rd3
{[%clk 0:22:55]} Rc2 {[%clk 0:36:48]} 29. Rxc2 {[%clk 0:14:24]} Rxc2 {[%clk
0:37:16]} 30. Rb3 {[%clk 0:12:14]} 1/2-1/2

[Event "DEM U18 2020"]
[Site "Willingen GER"]
[Date "2020.10.23"]
[Round "6"]
[White "Stelmaszyk, Nico"]
[Black "Mätzkow, Maximilian Paul"]
[Result "1-0"]
[Termination "normal"]
[Board "4"]
[WhiteElo "2301"]
[BlackElo "2242"]
[WhiteClock "00:07:54"]
[BlackClock "00:35:28"]
[PlyCount "119"]
[WhiteFideId "16200462"]
[BlackFideId "24679933"]
[EventCountry "GER"]
[EventRounds "7"]
[EventType "swiss"]
[EventDate "2020.10.19"]

1. e4 {[%clk 1:30:56]} e6 {[%clk 1:30:58]} 2. d4 {[%clk 1:31:18]} d5 {[%clk
1:31:25]} 3. Nc3 {[%clk 1:31:37]} Nf6 {[%clk 1:31:51]} 4. Bg5 {[%clk 1:32:02]}
Bb4 {[%clk 1:32:16]} 5. Nge2 {[%clk 1:32:21]} dxe4 {[%clk 1:27:16]} 6. a3
{[%clk 1:32:32]} Be7 {[%clk 1:26:54]} 7. Bxf6 {[%clk 1:32:51]} Bxf6 {[%clk
1:27:20]} 8. Nxe4 {[%clk 1:33:12]} b6 {[%clk 1:27:20]} 9. g3 {[%clk 1:28:01]}
O-O {[%clk 1:21:21]} 10. Bg2 {[%clk 1:28:00]} c6 {[%clk 1:21:44]} 11. O-O
{[%clk 1:21:46]} Bb7 {[%clk 1:19:28]} 12. Qd3 {[%clk 1:20:21]} Nd7 {[%clk
1:18:00]} 13. c4 {[%clk 1:12:04]} Qc7 {[%clk 1:09:56]} 14. b4 {[%clk 1:05:31]}
Rad8 {[%clk 1:02:13]} 15. Rfd1 {[%clk 1:02:06]} c5 {[%clk 1:00:46]} 16. bxc5
{[%clk 0:56:37]} bxc5 {[%clk 0:56:06]} 17. Rab1 {[%clk 0:55:12]} Ba6 {[%clk
0:50:53]} 18. dxc5 {[%clk 0:35:10]} Nxc5 {[%clk 0:50:38]} 19. Nxf6+ {[%clk
0:35:03]} gxf6 {[%clk 0:51:04]} 20. Qf3 {[%clk 0:32:40]} Rxd1+ {[%clk 0:46:00]}
21. Rxd1 {[%clk 0:32:35]} Rd8 {[%clk 0:46:25]} 22. Nf4 {[%clk 0:29:19]} Rxd1+
{[%clk 0:41:47]} 23. Qxd1 {[%clk 0:29:42]} Nd7 {[%clk 0:39:00]} 24. Nh5 {[%clk
0:27:07]} Qxc4 {[%clk 0:35:13]} 25. h4 {[%clk 0:24:45]} Qe2 {[%clk 0:32:48]}
26. Qxd7 {[%clk 0:24:59]} Qxh5 {[%clk 0:33:15]} 27. Qxa7 {[%clk 0:25:09]} Qe2
{[%clk 0:33:27]} 28. Kh2 {[%clk 0:21:25]} Qc4 {[%clk 0:31:05]} 29. Qb6 {[%clk
0:16:02]} Bb5 {[%clk 0:29:36]} 30. Qe3 {[%clk 0:15:46]} Kg7 {[%clk 0:28:54]}
31. Bf3 {[%clk 0:15:03]} Ba4 {[%clk 0:24:23]} 32. Qe4 {[%clk 0:12:39]} Qxe4
{[%clk 0:21:07]} 33. Bxe4 {[%clk 0:13:03]} f5 {[%clk 0:21:27]} 34. Bd3 {[%clk
0:06:04]} h6 {[%clk 0:19:53]} 35. Kg2 {[%clk 0:04:46]} Kf6 {[%clk 0:17:55]} 36.
Kf3 {[%clk 0:04:56]} e5 {[%clk 0:15:48]} 37. Ke3 {[%clk 0:04:57]} Ke6 {[%clk
0:15:13]} 38. Bc4+ {[%clk 0:04:17]} Kf6 {[%clk 0:15:34]} 39. f4 {[%clk
0:04:02]} e4 {[%clk 0:15:03]} 40. Kd4 {[%clk 0:03:49]} Kg6 {[%clk 0:15:05]} 41.
Be2 {[%clk 0:28:21]} Kf6 {[%clk 0:44:27]} 42. Kc4 {[%clk 0:28:25]} Ke6 {[%clk
0:43:51]} 43. Kb4 {[%clk 0:28:01]} Bc6 {[%clk 0:43:49]} 44. Bc4+ {[%clk
0:26:51]} Bd5 {[%clk 0:44:18]} 45. Bb5 {[%clk 0:22:33]} Bb7 {[%clk 0:42:18]}
46. Kc5 {[%clk 0:22:11]} Ke7 {[%clk 0:39:19]} 47. a4 {[%clk 0:22:06]} Kd8
{[%clk 0:39:42]} 48. Kd6 {[%clk 0:20:43]} Bc8 {[%clk 0:38:48]} 49. a5 {[%clk
0:13:00]} Be6 {[%clk 0:38:17]} 50. Ba6 {[%clk 0:13:02]} Bc8 {[%clk 0:38:25]}
51. Be2 {[%clk 0:10:25]} Be6 {[%clk 0:38:36]} 52. h5 {[%clk 0:09:00]} Kc8
{[%clk 0:37:10]} 53. Ke5 {[%clk 0:08:31]} Kb7 {[%clk 0:33:55]} 54. Kf6 {[%clk
0:07:08]} Ka7 {[%clk 0:33:31]} 55. Kg7 {[%clk 0:06:31]} Bc8 {[%clk 0:33:56]}
56. Kxh6 {[%clk 0:06:48]} Ba6 {[%clk 0:34:22]} 57. Bd1 {[%clk 0:06:53]} e3
{[%clk 0:34:40]} 58. Kg7 {[%clk 0:07:18]} Bb5 {[%clk 0:35:01]} 59. h6 {[%clk
0:07:38]} Ba4 {[%clk 0:35:28]} 60. Be2 {[%clk 0:07:54]} 1-0

[Event "DEM U18 2020"]
[Site "Willingen GER"]
[Date "2020.10.23"]
[Round "6"]
[White "Richter, Philipp"]
[Black "Schmider, Niklas"]
[Result "0-1"]
[Termination "normal"]
[Board "5"]
[WhiteElo "2254"]
[BlackElo "2291"]
[WhiteClock "00:29:10"]
[BlackClock "00:11:21"]
[PlyCount "68"]
[WhiteFideId "16219929"]
[BlackFideId "12993778"]
[EventCountry "GER"]
[EventRounds "7"]
[EventType "swiss"]
[EventDate "2020.10.19"]

1. d4 {[%clk 1:30:58]} Nf6 {[%clk 1:30:54]} 2. c4 {[%clk 1:31:24]} g6 {[%clk
1:31:18]} 3. f3 {[%clk 1:31:51]} e6 {[%clk 1:31:24]} 4. e4 {[%clk 1:30:20]} c5
{[%clk 1:28:28]} 5. d5 {[%clk 1:29:07]} d6 {[%clk 1:27:33]} 6. Nc3 {[%clk
1:29:27]} Bg7 {[%clk 1:27:39]} 7. Nge2 {[%clk 1:29:46]} O-O {[%clk 1:27:48]} 8.
Ng3 {[%clk 1:30:07]} exd5 {[%clk 1:28:06]} 9. cxd5 {[%clk 1:30:31]} a6 {[%clk
1:28:29]} 10. a4 {[%clk 1:30:54]} h5 {[%clk 1:27:41]} 11. Bg5 {[%clk 1:31:15]}
Qb6 {[%clk 1:26:00]} 12. Qd2 {[%clk 1:31:39]} Nh7 {[%clk 1:22:28]} 13. a5
{[%clk 1:30:10]} Qc7 {[%clk 1:22:18]} 14. Bh6 {[%clk 1:30:22]} h4 {[%clk
1:21:17]} 15. Bxg7 {[%clk 1:30:46]} Kxg7 {[%clk 1:21:38]} 16. Bc4 {[%clk
1:31:12]} Nd7 {[%clk 1:10:10]} 17. Nf1 {[%clk 1:31:25]} Ne5 {[%clk 1:06:35]}
18. Be2 {[%clk 1:31:47]} f5 {[%clk 0:50:50]} 19. exf5 {[%clk 1:25:59]} Bxf5
{[%clk 0:50:45]} 20. Ne3 {[%clk 1:25:58]} Bd7 {[%clk 0:46:05]} 21. O-O {[%clk
1:24:49]} Rf4 {[%clk 0:44:44]} 22. Ne4 {[%clk 1:21:00]} Raf8 {[%clk 0:37:40]}
23. b4 {[%clk 1:10:05]} Nf6 {[%clk 0:35:07]} 24. Nxf6 {[%clk 0:50:50]} R8xf6
{[%clk 0:33:55]} 25. Rac1 {[%clk 0:50:58]} c4 {[%clk 0:25:23]} 26. Qc3 {[%clk
0:46:48]} Kg8 {[%clk 0:20:01]} 27. Kh1 {[%clk 0:41:03]} Rf8 {[%clk 0:19:11]}
28. g3 {[%clk 0:39:28]} hxg3 {[%clk 0:13:03]} 29. hxg3 {[%clk 0:38:41]} Rxf3
{[%clk 0:12:39]} 30. Bxf3 {[%clk 0:38:50]} Nxf3 {[%clk 0:13:04]} 31. Kg2 {[%clk
0:34:51]} Bh3+ {[%clk 0:12:55]} 32. Kf2 {[%clk 0:33:08]} Nd2+ {[%clk 0:11:24]}
33. Ke2 {[%clk 0:29:16]} Nxf1 {[%clk 0:11:19]} 34. Nxf1 {[%clk 0:29:10]} Bxf1+
{[%clk 0:11:21]} 0-1

[Event "DEM U18 2020"]
[Site "Willingen GER"]
[Date "2020.10.23"]
[Round "6"]
[White "Pahl, Theis"]
[Black "Woelk, Tom-Frederic"]
[Result "1/2-1/2"]
[Termination "normal"]
[Board "7"]
[WhiteElo "2056"]
[BlackElo "2253"]
[WhiteClock "00:33:00"]
[BlackClock "00:21:09"]
[PlyCount "47"]
[WhiteFideId "16201264"]
[BlackFideId "12993077"]
[EventCountry "GER"]
[EventRounds "7"]
[EventType "swiss"]
[EventDate "2020.10.19"]

1. e4 {[%clk 1:30:57]} e5 {[%clk 1:30:56]} 2. Nf3 {[%clk 1:31:21]} Nc6 {[%clk
1:31:22]} 3. Bb5 {[%clk 1:31:48]} g6 {[%clk 1:31:28]} 4. c3 {[%clk 1:32:06]} a6
{[%clk 1:31:54]} 5. Ba4 {[%clk 1:32:29]} Bg7 {[%clk 1:32:20]} 6. O-O {[%clk
1:32:39]} Nge7 {[%clk 1:32:28]} 7. d4 {[%clk 1:32:56]} exd4 {[%clk 1:31:50]} 8.
cxd4 {[%clk 1:33:20]} b5 {[%clk 1:32:16]} 9. Bc2 {[%clk 1:33:41]} d6 {[%clk
1:30:49]} 10. h3 {[%clk 1:33:50]} O-O {[%clk 1:31:07]} 11. Nc3 {[%clk 1:33:06]}
Na5 {[%clk 1:16:29]} 12. Re1 {[%clk 1:30:22]} c5 {[%clk 1:14:45]} 13. Bf4
{[%clk 1:24:40]} cxd4 {[%clk 1:00:35]} 14. Nxd4 {[%clk 1:21:47]} Nc4 {[%clk
1:00:02]} 15. Rb1 {[%clk 1:15:40]} Bb7 {[%clk 0:59:45]} 16. Qd3 {[%clk
1:11:58]} Rc8 {[%clk 0:57:55]} 17. Bb3 {[%clk 1:07:05]} Ne5 {[%clk 0:36:18]}
18. Qe3 {[%clk 1:04:09]} b4 {[%clk 0:34:28]} 19. Nce2 {[%clk 0:53:02]} Rc5
{[%clk 0:33:00]} 20. Bg5 {[%clk 0:43:06]} Qc7 {[%clk 0:32:23]} 21. f4 {[%clk
0:39:56]} Nc4 {[%clk 0:31:22]} 22. Bxc4 {[%clk 0:39:41]} Rxc4 {[%clk 0:31:51]}
23. f5 {[%clk 0:37:27]} Be5 {[%clk 0:21:09]} 24. Rbc1 {[%clk 0:33:00]} 1/2-1/2

[Event "DEM U18 2020"]
[Site "Willingen GER"]
[Date "2020.10.23"]
[Round "6"]
[White "Tschernatsch, Johannes"]
[Black "Junker, Magnus"]
[Result "0-1"]
[Termination "normal"]
[Board "9"]
[WhiteElo "2251"]
[BlackElo "2093"]
[WhiteClock "00:14:13"]
[BlackClock "01:13:20"]
[PlyCount "86"]
[WhiteFideId "16223977"]
[BlackFideId "16218507"]
[EventCountry "GER"]
[EventRounds "7"]
[EventType "swiss"]
[EventDate "2020.10.19"]

1. e4 {[%clk 1:30:58]} c5 {[%clk 1:30:57]} 2. Nf3 {[%clk 1:31:23]} g6 {[%clk
1:31:24]} 3. c4 {[%clk 1:31:18]} Bg7 {[%clk 1:31:40]} 4. d4 {[%clk 1:31:37]}
cxd4 {[%clk 1:32:07]} 5. Nxd4 {[%clk 1:32:02]} Nc6 {[%clk 1:32:33]} 6. Be3
{[%clk 1:32:06]} Nf6 {[%clk 1:32:58]} 7. Nc3 {[%clk 1:32:29]} O-O {[%clk
1:33:24]} 8. Be2 {[%clk 1:32:53]} d6 {[%clk 1:33:51]} 9. O-O {[%clk 1:33:09]}
Nxd4 {[%clk 1:34:14]} 10. Bxd4 {[%clk 1:33:27]} Be6 {[%clk 1:34:40]} 11. Rc1
{[%clk 1:31:18]} Qa5 {[%clk 1:35:05]} 12. a3 {[%clk 1:27:48]} Rfc8 {[%clk
1:35:00]} 13. Nd5 {[%clk 1:23:09]} Bxd5 {[%clk 1:34:34]} 14. exd5 {[%clk
1:23:28]} a6 {[%clk 1:32:49]} 15. Qd3 {[%clk 1:22:41]} Qd8 {[%clk 1:29:50]} 16.
b4 {[%clk 1:18:24]} a5 {[%clk 1:29:24]} 17. Bf3 {[%clk 1:14:45]} axb4 {[%clk
1:27:15]} 18. axb4 {[%clk 1:15:06]} Nd7 {[%clk 1:27:37]} 19. c5 {[%clk
1:11:17]} Ne5 {[%clk 1:26:36]} 20. Bxe5 Bxe5 21. c6 {[%clk 1:10:03]} Qb6 {[%clk
1:24:40]} 22. Rc4 {[%clk 1:06:25]} Ra2 {[%clk 1:21:32]} 23. g3 Rb2 24. Qe3
{[%clk 0:44:01]} Rxb4 {[%clk 1:19:52]} 25. Rxb4 {[%clk 0:38:41]} Qxb4 {[%clk
1:20:13]} 26. Qa7 {[%clk 0:38:37]} bxc6 {[%clk 1:18:50]} 27. dxc6 {[%clk
0:38:32]} e6 {[%clk 1:18:38]} 28. Qb7 {[%clk 0:33:00]} Qxb7 {[%clk 1:18:52]}
29. cxb7 {[%clk 0:33:23]} Rb8 {[%clk 1:18:54]} 30. Re1 {[%clk 0:24:48]} Kg7
{[%clk 1:17:15]} 31. Bc6 {[%clk 0:24:36]} Kf6 {[%clk 1:17:11]} 32. f4 {[%clk
0:23:31]} Bd4+ {[%clk 1:17:35]} 33. Kg2 {[%clk 0:22:59]} Ke7 {[%clk 1:16:44]}
34. Kf3 {[%clk 0:22:38]} Kd8 {[%clk 1:16:35]} 35. Rc1 {[%clk 0:22:12]} d5
{[%clk 1:15:17]} 36. g4 {[%clk 0:21:04]} Ke7 {[%clk 1:15:16]} 37. Rd1 {[%clk
0:17:15]} Kd6 {[%clk 1:14:37]} 38. Ba4 {[%clk 0:16:16]} Bb2 {[%clk 1:14:15]}
39. Rb1 {[%clk 0:13:50]} Rxb7 {[%clk 1:14:38]} 40. f5 {[%clk 0:14:04]} e5
{[%clk 1:14:11]} 41. Be8 {[%clk 0:13:52]} e4+ {[%clk 1:14:02]} 42. Ke2 {[%clk
0:13:57]} gxf5 {[%clk 1:14:10]} 43. gxf5 {[%clk 0:14:13]} d4 {[%clk 1:13:20]}
0-1

[Event "DEM U18 2020"]
[Site "Willingen GER"]
[Date "2020.10.23"]
[Round "6"]
[White "Bosselmann, Tom Linus"]
[Black "Matthes, Aaron"]
[Result "1-0"]
[Termination "normal"]
[Board "11"]
[WhiteElo "2054"]
[BlackElo "2198"]
[WhiteClock "00:32:20"]
[BlackClock "00:14:03"]
[PlyCount "57"]
[WhiteFideId "12983845"]
[BlackFideId "16227310"]
[EventCountry "GER"]
[EventRounds "7"]
[EventType "swiss"]
[EventDate "2020.10.19"]

1. e4 {[%clk 1:30:57]} e6 {[%clk 1:30:55]} 2. d4 {[%clk 1:30:21]} d5 {[%clk
1:31:12]} 3. exd5 {[%clk 1:24:47]} exd5 {[%clk 1:31:17]} 4. Bd3 {[%clk
1:25:02]} Nf6 {[%clk 1:31:34]} 5. Bg5 {[%clk 1:21:47]} c5 {[%clk 1:27:35]} 6.
Qe2+ {[%clk 1:14:04]} Be6 {[%clk 1:24:16]} 7. Bf5 {[%clk 1:11:16]} Qb6 {[%clk
1:14:49]} 8. Bxf6 {[%clk 1:04:48]} gxf6 {[%clk 1:14:56]} 9. Bxe6 {[%clk
1:03:20]} fxe6 {[%clk 1:15:03]} 10. c3 {[%clk 0:59:47]} cxd4 {[%clk 1:08:15]}
11. cxd4 {[%clk 0:59:55]} Bb4+ {[%clk 0:59:37]} 12. Nc3 {[%clk 1:00:04]} Kf7
{[%clk 0:46:46]} 13. Nf3 {[%clk 0:57:34]} Nc6 {[%clk 0:47:02]} 14. Qd3 {[%clk
0:52:47]} Rag8 {[%clk 0:35:30]} 15. O-O {[%clk 0:52:07]} Rg4 {[%clk 0:33:39]}
16. Ne2 {[%clk 0:47:46]} Bd6 {[%clk 0:33:07]} 17. Rfe1 {[%clk 0:43:38]} Nb4
{[%clk 0:29:10]} 18. Qb3 {[%clk 0:41:54]} Rhg8 {[%clk 0:28:15]} 19. g3 {[%clk
0:40:30]} Qa6 {[%clk 0:26:55]} 20. a3 {[%clk 0:39:01]} Nc6 {[%clk 0:25:35]} 21.
Qe3 {[%clk 0:38:55]} Re4 {[%clk 0:24:59]} 22. Qd2 {[%clk 0:38:52]} Na5 {[%clk
0:24:53]} 23. Qc2 {[%clk 0:37:40]} Rg7 {[%clk 0:19:06]} 24. Nc3 {[%clk
0:34:55]} Reg4 {[%clk 0:19:32]} 25. b4 {[%clk 0:34:35]} Nc4 {[%clk 0:19:26]}
26. Qe2 {[%clk 0:34:51]} Bb8 {[%clk 0:19:07]} 27. Nxd5 {[%clk 0:34:43]} Qc6
{[%clk 0:16:01]} 28. Ne3 {[%clk 0:33:32]} Re4 {[%clk 0:14:03]} 29. b5 {[%clk
0:32:20]} 1-0